000 00435cam a2200169ua 4500
003 OSt
008 250106b |||||||| |||| 00| 0 eng d
020 _a81-203-0771-2
041 _aeng
082 _a621.3851
_bMAR/TE
100 _aMartin, James .
_96816
245 _aTelecommunications and the computer /
250 _a3 /
260 _aNew Delhi :
_bPrentice Hall of India Pvt Ltd. ,
_c1998.
300 _a720 ; .
942 _cBK
999 _c9769
_d9769